[Event "Cordoba op"]
[Site "Cordoba"]
[Date "1995.??.??"]
[Round "?"]
[White "Asensio Soto, Fermin"]
[Black "Veingold, Aleksandr"]
[Result "1/2-1/2"]
[WhiteElo "2155"]
[BlackElo "2410"]

1.d4 Nf6 2.c4 e6 3.Nf3 b6 4.g3 Ba6 5.b3 Bb4+ 6.Bd2 Be7 7.Bg2 c6 8.O-O d5
9.Ne5 Nfd7 10.Nxd7 Nxd7 11.Bc3 O-O 12.Nd2 Rc8 13.Re1 f5 14.Bb2 Re8 15.Rc1 b5
16.cxb5 cxb5 17.Rxc8 Qxc8 18.Qb1 b4 19.Bf1 Qb7 20.Rc1 Rc8 21.Rc2 Bd6 22.Qc1 Rxc2
23.Qxc2 h6 24.Qc1 Qc7 25.Qxc7 Bxc7 26.a3 Bd6 27.Nb1 Kf7 28.axb4 Bxb4 29.Ba3 Bxa3
30.Nxa3 Nf6 31.Kg2 Ne4 32.Nb1 Ke7 33.e3 Bxf1+ 34.Kxf1 Kd7 35.f3 Nd6 36.Nc3 Kc6
37.Ke2 g5 38.Kd3 h5 39.h3 g4 40.hxg4 hxg4 41.fxg4 fxg4 42.e4 a5 43.exd5+ exd5
44.Nd1 Nf5 45.Nf2 Kb5 46.Nxg4 Kb4 47.Nf6 Kxb3 48.Nxd5 a4 49.Nc3 a3 50.d5 Nxg3
51.d6 Nh5 52.d7 Nf4+ 53.Ke4 Ne6 54.Kd5 Nd8 55.Kd4 Nf7 56.Ne2 Kb2 57.Nc3 Kb3
58.Ne2 Kc2 59.Nc3 Kb2 60.Nd1+ Kb3 61.Nc3 Nd8 62.Kd3 Nc6 63.Kd2 Kb2 64.Na4+ Kb3
65.Nc3 Nd8 66.Ne2  1/2-1/2

[Event "ESP-chT"]
[Site "Cordoba"]
[Date "1995.??.??"]
[Round "7"]
[White "Solana Suarez, Ernesto"]
[Black "Ramo Frontinan, Cristobal"]
[Result "1/2-1/2"]
[WhiteElo "2385"]
[BlackElo "2385"]

1.d4 Nf6 2.Nf3 e6 3.c4 b6 4.g3 Ba6 5.b3 Bb7 6.Bg2 Bb4+ 7.Bd2 a5 8.Nc3 d5
9.cxd5 exd5 10.Ne5 O-O 11.O-O Nc6 12.Nxc6 Bxc6 13.Qc2 Qd7 14.Bg5 Be7 15.Bxf6 Bxf6
16.Rad1 g6 17.e4 dxe4 18.Nxe4 Bxe4 19.Bxe4 Rad8 20.Bc6 Qh3 21.d5 Be5 22.Rfe1 Bd6
23.Rd4 Qh6 24.Rde4  1/2-1/2

[Event "CUB-ch"]
[Site "CUB"]
[Date "1995.??.??"]
[Round "1"]
[White "Borges Mateos, Juan"]
[Black "Rivera, Alberto"]
[Result "1/2-1/2"]
[WhiteElo "2400"]
[BlackElo "2370"]

1.d4 Nf6 2.c4 e6 3.Nf3 b6 4.g3 Ba6 5.Qa4 Bb7 6.Bg2 c5 7.O-O Be7 8.Rd1 O-O
9.Nc3 cxd4 10.Nxd4 Bxg2 11.Kxg2 Qc8 12.Bf4 Qb7+ 13.f3 a6 14.Rd2 h6 15.Rad1 g5
16.Be3 d6 17.Qc2 Nbd7 18.Nxe6 fxe6 19.Qg6+ Kh8 20.Qxh6+ Kg8 21.Qg6+ Kh8 22.Bxg5 Ne5
23.Qh6+ Kg8 24.Rd4 Rf7 25.Ne4 Nxe4 26.Rxe4 Bxg5 27.Qxg5+ Rg7 28.Qh6 Qe7 29.Rh4 Nf7
30.Qh5 Re8 31.Rg4 Qf6 32.Rdd4  1/2-1/2

[Event "CZE-chT1c 9495"]
[Site "?"]
[Date "1995.??.??"]
[Round "2"]
[White "Jaworski, Miroslaw"]
[Black "Polak, Tomas"]
[Result "0-1"]
[WhiteElo "2360"]
[BlackElo "2420"]

1.d4 Nf6 2.Nf3 e6 3.c4 b6 4.g3 Ba6 5.b3 Bb7 6.Bg2 Bb4+ 7.Bd2 a5 8.O-O O-O
9.Bg5 a4 10.bxa4 c5 11.a3 Ba5 12.Ne5 Bxg2 13.Kxg2 cxd4 14.Ng4 Nc6 15.e3 dxe3
16.Nxf6+ gxf6 17.Bh6 f5 18.Bxf8 Qxf8 19.fxe3 Ne5 20.Qd4 f6 21.e4 Rc8 22.exf5 Rxc4
23.Qb2 Qc5 24.Ra2 Qd5+ 25.Kh3 exf5 26.Qg2 Qe6 27.Rf4 Ng6 28.Rxc4 f4+ 29.g4 Qxc4
30.Rf2 Qd3+ 31.Qf3 Qxb1 32.Qd5+ Kg7 33.Qxd7+ Kh6 34.Qd5 Qe1 35.Qd4 Qe5 36.Qd1 Qe3+
37.Rf3 Qe5  0-1

[Event "CZE-chT1c 9495"]
[Site "?"]
[Date "1995.??.??"]
[Round "5"]
[White "Kupka, Slavoj"]
[Black "Hajek, Michal"]
[Result "1/2-1/2"]
[WhiteElo "2360"]
[BlackElo "2300"]

1.d4 Nf6 2.Nf3 e6 3.c4 b6 4.g3 Ba6 5.b3 Bb4+ 6.Bd2 Be7 7.Bg2 c6 8.Bc3 d5
9.Nbd2 Nbd7 10.O-O O-O 11.Re1 Bb7 12.e4 Nxe4 13.Nxe4 dxe4 14.Rxe4 c5 15.Re1 Bf6
16.Rc1 cxd4 17.Bxd4 Qc7 18.Bxf6 Nxf6  1/2-1/2

[Event "Dortmund op"]
[Site "Dortmund"]
[Date "1995.??.??"]
[Round "8"]
[White "Bach, Matthias"]
[Black "Rigo, Janos"]
[Result "0-1"]
[WhiteElo "2330"]
[BlackElo "2300"]

1.d4 e6 2.c4 Nf6 3.Nf3 b6 4.g3 Ba6 5.b3 b5 6.cxb5 Bxb5 7.Bg2 a5 8.O-O d5
9.Nc3 Ba6 10.Na4 Nbd7 11.Be3 Ba3 12.Nc5 Nxc5 13.dxc5 Ne4 14.Qc2 Qe7 15.c6 f5
16.Ne5 Nf6 17.Nd3 Bb5 18.Bc5 Bxd3 19.Bxe7 Bxc2 20.Bxa3 Ra6 21.Rfc1 Rxc6 22.Bf1 Kd8
23.e3 Ne4 24.Bd3 Bxd3 25.Rxc6 Kd7 26.Rcc1 Nd2 27.Bb2 Rg8 28.Rc5 Nf3+ 29.Kg2 Be4
30.Rxa5 h5 31.Ra7 h4 32.gxh4 Ne1+ 33.Kf1 Nd3 34.Ke2 Nxb2 35.f3 Nd3 36.fxe4 dxe4
37.Rg1 Kd6 38.Ra6+ c6 39.Rg5 Rh8 40.Rxg7 Rxh4 41.Rg2 f4 42.exf4 Nxf4+ 43.Kf1 Nxg2
44.Kxg2 Kd5 45.b4 Rf4 46.Ra3 e5 47.Rb3 Kc4 48.h3 Kd4 49.a4 e3 50.b5 cxb5
51.axb5 e2 52.Rb1 Rf6 53.Ra1 e4 54.Ra4+ Kd5 55.Ra1 e3 56.b6 Rf2+ 57.Kg1 Ke4
58.b7 Rf8 59.Kg2 Rg8+  0-1

[Event "Dresden op"]
[Site "Dresden"]
[Date "1995.??.??"]
[Round "?"]
[White "Fuhrmann, Daniel"]
[Black "Tischbierek, Raj"]
[Result "1/2-1/2"]
[WhiteElo "2275"]
[BlackElo "2495"]

1.d4 Nf6 2.c4 e6 3.Nf3 b6 4.g3 Ba6 5.b3 Bb4+ 6.Bd2 Be7 7.Nc3 c6 8.Bg2 d5
9.cxd5 cxd5 10.Ne5 O-O 11.O-O Nfd7 12.f4 Nxe5 13.fxe5 Nc6 14.Be3 Rc8 15.a3 Na5
16.Nb1 Qc7 17.Ra2 Nxb3 18.Qxb3 Bc4 19.Qb2 Bxa2 20.Qxa2 Qc2 21.Qxc2 Rxc2 22.Kf2 Rfc8
23.Rd1 Rb2 24.Bf1 Rcc2 25.Ke1 Rb3 26.Bd2 Rcb2 27.Nc3 Bxa3 28.e4 Bb4 29.Rc1 Bxc3
30.Bxc3 Rb1 31.Rxb1 Rxb1+ 32.Ke2 dxe4 33.Bg2 Rb3 34.Bd2 h5 35.Bxe4 h4 36.gxh4 Rh3
37.Bf4 Rxh4 38.Ke3 Kf8 39.Bg3 Rh8 40.Kd3 Ke7 41.Kc4 Rc8+ 42.Kb3 Rc1 43.d5 Kd7
44.d6 Rc5 45.Bd3 a5 46.Ka4 Kc6 47.Be4+ Kd7 48.Bd3  1/2-1/2

[Event "Nord Cup 1st"]
[Site "Duesseldorf"]
[Date "1995.??.??"]
[Round "3"]
[White "Wicht, Juergen"]
[Black "Preuschoff, Michael"]
[Result "1-0"]
[WhiteElo "2085"]
[BlackElo "2260"]

1.d4 Nf6 2.c4 e6 3.Nf3 b6 4.g3 Ba6 5.Qc2 Bb7 6.Bg2 c5 7.e3 cxd4 8.exd4 Bb4+
9.Bd2 Bxd2+ 10.Nbxd2 O-O 11.O-O Nc6 12.Rac1 d5 13.c5 bxc5 14.Qxc5 a5 15.Qb5 Qd7
16.Nb3 Nb4 17.Qxd7 Nxd7 18.Rc7 Bc8 19.a3 Na6 20.Rc2 a4 21.Nbd2 f6 22.Re1 Re8
23.Bh3 Nf8 24.Nb1 Bd7 25.Nc3 Reb8 26.Ree2 Ra7 27.Ne1 Rc7 28.f4 g6 29.Red2 Rb6
30.Bf1 Be8 31.Kf2 h6 32.g4 Rh7 33.Nf3 h5 34.g5 Rf7 35.Kg3 Ra7 36.h4 Nc7 37.Bd3 Bf7
38.Nxa4 Rb3 39.Nc5 Rb6 40.Rc3 Ne8 41.b4 Nd6 42.Rb2 Be8 43.a4 Bc6 44.b5 Ba8
45.Ra3 Ne4+ 46.Bxe4 dxe4 47.Nd2 f5 48.Nc4 Rb8 49.b6 Re7 50.a5 Bd5 51.Ne5 Ra7
52.Kf2  1-0

[Event "Eger"]
[Site "Eger"]
[Date "1995.??.??"]
[Round "?"]
[White "Bali, Janos"]
[Black "Titz, Heimo"]
[Result "1-0"]
[WhiteElo "2200"]
[BlackElo "2345"]

1.d4 Nf6 2.c4 e6 3.Nf3 b6 4.g3 Ba6 5.Qa4 Bb7 6.Bg2 c5 7.dxc5 bxc5 8.O-O Be7
9.Nc3 O-O 10.Rd1 d6 11.Bf4 a6 12.Rd2 Qc7 13.Rad1 Rd8 14.h3 Nc6 15.Ng5 e5
16.Be3 Nd4 17.Nge4 Nd7 18.b3 h6 19.f4 f5 20.Nf2 Bxg2 21.Kxg2 Qb7+ 22.Kh2 Nb6
23.Qa3 d5 24.Na4 dxc4 25.Nxb6 Qxb6 26.Bxd4 exd4 27.bxc4 Qe6 28.Qa4 Rab8 29.Nd3 Rb6
30.Qa5 Qd6 31.Ne5 Rdb8 32.e3 Rb2 33.exd4 cxd4 34.Nd3 Rxd2+ 35.Rxd2 Qe6 36.Qe5 Qxe5
37.Nxe5 Bd6 38.Nc6 Rc8 39.Nxd4 Rxc4 40.Nxf5 Bb4 41.Re2 a5 42.Ne3 Rc1 43.Rc2 Rb1
44.Nc4 a4 45.Rb2 Rxb2+ 46.Nxb2 a3 47.Nd3 Bd6 48.Kg2 Kf7 49.Kf3 h5 50.Ke4 g6
51.Kd5 Be7 52.Ne5+ Kf6 53.Nc6 Bf8 54.g4 hxg4 55.hxg4 Kf7 56.Ne5+ Kg7 57.Ke6 Bb4
58.f5 gxf5 59.gxf5 Bc5 60.f6+ Kg8 61.Nd7 Bb4 62.Kf5 Kh7 63.Nb6 Bc5 64.Nd5 Bf8
65.Nf4  1-0

[Event "RUS-ch"]
[Site "Elista"]
[Date "1995.??.??"]
[Round "8"]
[White "Ruban, Vadim"]
[Black "Sokolov, Andrei"]
[Result "1/2-1/2"]
[WhiteElo "2535"]
[BlackElo "2585"]

1.d4 Nf6 2.c4 e6 3.Nf3 b6 4.g3 Ba6 5.b3 Bb4+ 6.Bd2 Be7 7.Nc3 d5 8.cxd5 Nxd5
9.Bg2 O-O 10.O-O Nd7 11.Nxd5 exd5 12.Rc1 c5 13.Be3 Re8 14.Re1 Bb7 15.Bh3 cxd4
16.Bxd4 Bb4 17.Bc3 Bf8 18.Qd2 h6 19.b4 Nf6 20.Bxf6 Qxf6 21.Nd4 a5 22.bxa5 Rxa5
23.e3 Raa8 24.Rc2 Ra4 25.Rb1  1/2-1/2

[Event "RUS-ch"]
[Site "Elista"]
[Date "1995.??.??"]
[Round "8"]
[White "Filippov, Valerij"]
[Black "Aseev, Konstantin N"]
[Result "1-0"]
[WhiteElo "2510"]
[BlackElo "2530"]

1.d4 Nf6 2.c4 e6 3.Nf3 b6 4.g3 Ba6 5.b3 Bb4+ 6.Bd2 Be7 7.Nc3 Bb7 8.Bg2 d5
9.cxd5 exd5 10.O-O O-O 11.Qc2 Na6 12.Rfd1 Qc8 13.Ng5 c6 14.a3 Nc7 15.Bf4 Nce8
16.b4 h6 17.Nf3 Nd6 18.Ne5 Qe6 19.Rac1 Rfe8 20.a4 Rac8 21.Qb3 Bf8 22.b5 c5
23.dxc5 bxc5 24.Nxd5 Bxd5 25.Bxd5 Nxd5 26.Rxd5 Nf5 27.Qd3 g5 28.e4 Nd4 29.Be3 f5
30.Bxd4 fxe4 31.Qxe4 cxd4 32.Rxc8 Rxc8 33.Qxd4 Re8 34.Nc6 Qe2 35.Kg2  1-0

[Event "Catalunya-chT"]
[Site "ESP"]
[Date "1995.??.??"]
[Round "?"]
[White "Vidarte Morales, Arturo"]
[Black "Sorroche Martin, Jose Maria"]
[Result "0-1"]
[WhiteElo "2360"]
[BlackElo "2390"]

1.d4 Nf6 2.c4 e6 3.Nf3 b6 4.g3 Ba6 5.Qc2 Bb4+ 6.Bd2 Qe7 7.Bg2 Bb7 8.O-O Bxd2
9.Nbxd2 d6 10.e4 c5 11.e5 dxe5 12.dxe5 Nfd7 13.Ne4 O-O 14.Nfg5 f5 15.exf6 gxf6
16.Nxe6 Qxe6 17.Ng5 fxg5 18.Rae1 Qd6 19.Bxb7 Nc6 20.Bxc6 Qxc6 21.Re7 Nf6
22.Qf5 Kh8 23.Rfe1 g4 24.R1e6 Qf3 25.Qxf3 gxf3 26.h3 Rfe8 27.Rxe8+ Nxe8 28.g4  0-1

[Event "FIN-chT"]
[Site "FIN"]
[Date "1995.??.??"]
[Round "?"]
[White "Issakainen, Ari"]
[Black "Hokkanen, Petri"]
[Result "0-1"]
[WhiteElo "2250"]
[BlackElo "2230"]

1.d4 Nf6 2.c4 e6 3.Nf3 b6 4.g3 Ba6 5.Qa4 Bb7 6.Bg2 c5 7.O-O cxd4 8.Nxd4 Bxg2
9.Kxg2 Bc5 10.Nb5 Nc6 11.Bf4 O-O 12.N1c3 a6 13.Na3 Qc8 14.Nc2 Qb7 15.f3 Nd4
16.Nxd4 Bxd4 17.Rac1 Rac8 18.Bd6 Rfe8 19.e4 Rc6 20.Bf4 Rec8 21.Ne2 Bxb2 22.Rc2 e5
23.Be3 Bd4 24.Bxd4 exd4 25.Nxd4 b5 26.cxb5 Rxc2+ 27.Nxc2 Qxb5 28.Qxb5 Rxc2+
29.Rf2 Rxf2+ 30.Kxf2 axb5 31.Ke3 Kf8 32.Kd4 d6 33.Kc3 Ne8 34.Kb4 Nc7 35.Ka5 Ke7
36.Kb6 Kd7 37.a3 g5 38.f4 g4 39.f5 f6 40.Kb7 d5 41.exd5 Nxd5  0-1

[Event "FIN-chT"]
[Site "FIN"]
[Date "1995.??.??"]
[Round "?"]
[White "Kekki, Petri"]
[Black "Norri, Joose"]
[Result "1-0"]
[WhiteElo "2330"]
[BlackElo "2380"]

1.d4 Nf6 2.c4 e6 3.Nf3 b6 4.g3 Ba6 5.b3 Bb7 6.Bg2 Bb4+ 7.Bd2 a5 8.a3 Be7
9.Nc3 O-O 10.O-O d5 11.Qc2 Qc8 12.Ne5 dxc4 13.Nxc4 Bxg2 14.Kxg2 b5 15.Ne5 c5
16.Qd3 cxd4 17.Nxb5 Nbd7 18.Nxd7 Qxd7 19.Nxd4 Rfd8 20.Bc3 Nd5 21.Bb2 Rab8
22.Rab1 Bf6 23.Qf3 Rb6 24.Rfd1 Rd6 25.Rd3 Qb7 26.Nc2 e5 27.Kg1 Qc6 28.Ne3 Nxe3
29.Qxc6 Rxc6 30.Rxe3 Rd5 31.f4 Be7 32.Kg2 Kf8 33.fxe5 Rc2 34.Kf3 Bc5 35.Rd3 Rxd3+
36.exd3 Rxh2 37.d4 Bb6 38.b4 a4 39.Ke4 Ke7 40.Kd5 Rc2 41.g4 h6 42.Ke4 Rg2
43.Kd5 Rc2 44.b5 f6 45.exf6+ Kxf6 46.Bc1 Rc3 47.Bf4 Kg6 48.Rc1 Rxc1 49.Bxc1 h5
50.gxh5+ Kxh5 51.Be3 g5 52.Kc6  1-0

[Event "Finkenstein op"]
[Site "Finkenstein"]
[Date "1995.??.??"]
[Round "7"]
[White "Koch, Wolfgang Max"]
[Black "Mencinger, Vojko"]
[Result "1/2-1/2"]
[WhiteElo "2315"]
[BlackElo "2385"]

1.d4 e6 2.c4 Nf6 3.Nf3 b6 4.g3 Ba6 5.b3 Bb4+ 6.Bd2 Be7 7.Bg2 c6 8.O-O Ne4
9.Be3 d5 10.Qc2 Nd7 11.Nbd2 Nd6 12.Bf4 f5 13.Ne5 Nxe5 14.dxe5 Nb7 15.Rfd1 O-O
16.e4 g5 17.Be3 f4 18.Bd4 c5 19.exd5 cxd4 20.d6 d3 21.Qxd3 Qd7 22.Ne4 Bd8
23.b4 Rc8 24.b5 Nc5 25.Nxc5 Rxc5 26.bxa6 Rxe5 27.Rab1 Bf6 28.Qf3 fxg3 29.hxg3 Rc5
30.Qb7 Rf7 31.Rxb6 axb6 32.a7 Qxb7 33.Bxb7 Ra5 34.a8=Q+ Rxa8 35.Bxa8 Ra7
36.Bf3 Rxa2 37.Re1 Ra1 38.Kf1 Rxe1+ 39.Kxe1 Kf7 40.Bh5+ Kf8 41.Bg4 Kf7 42.Ke2 Be5
43.d7 Bc7 44.Bf3 Ke7 45.Bc6 Kd6 46.Bb5 h5  1/2-1/2

[Event "GER-ch U17"]
[Site "?"]
[Date "1995.??.??"]
[Round "6"]
[White "Sulzbach, Sven"]
[Black "Gross, David"]
[Result "1/2-1/2"]
[WhiteElo "2245"]
[BlackElo "2425"]

1.d4 Nf6 2.c4 e6 3.Nf3 b6 4.g3 Ba6 5.b3 Bb7 6.Bg2 Bb4+ 7.Bd2 a5 8.O-O O-O
9.a3 Be7 10.Nc3 d5 11.Ne5 Na6 12.cxd5 exd5 13.Qc2 c5 14.e3 Rc8 15.Qb2 Nc7
16.Rfd1 Bd6 17.Nf3 Ne4 18.dxc5 Bxc5 19.Be1 Qf6 20.b4 axb4 21.axb4 Nb5 22.bxc5 Nbxc3
23.Rdc1 Rxc5 24.Nd4 Nb5 25.Rxc5 Nxd4 26.exd4 Nxc5 27.Rb1 Na4 28.Qb4 Bc6 29.Bd2 h6
30.Bf1 Rc8 31.Bf4 Qf5 32.Rc1 Be8 33.Rxc8 Qxc8 34.Bb5 Bxb5 35.Qxb5 Nc3 36.Qxb6 Ne2+
37.Kg2 Nxf4+ 38.gxf4 Qg4+ 39.Kf1 Qxf4 40.Qd8+ Kh7 41.Qxd5 Qxh2 42.Qf5+ Kg8
43.Qc8+  1/2-1/2

[Event "BL9495 (Women)"]
[Site "Germany"]
[Date "1995.??.??"]
[Round "202"]
[White "Tsiganova, Monika"]
[Black "Grabuzova, Tatiana"]
[Result "0-1"]
[WhiteElo "2260"]
[BlackElo "2380"]

1.d4 e6 2.Nf3 Nf6 3.c4 b6 4.g3 Ba6 5.Nbd2 d5 6.Bg2 Bd6 7.Qa4+ c6 8.O-O O-O
9.Ne5 b5 10.cxb5 Bxb5 11.Qd1 c5 12.f4 Qb6 13.Ndc4 dxc4 14.Bxa8 cxd4 15.Bf3 d3+
16.Kg2 Bxe5 17.fxe5 Nfd7 18.Bf4 Nc6 19.a4 Ba6 20.a5 Qxb2 21.Rb1 Qa2 22.Rf2 Ndxe5
23.exd3 Qxa5 24.Ra1 Qb6 25.Rfa2 Bb5 26.dxc4 Bxc4 27.Rb1 Qc5 28.Rc1 Nxf3 29.Qxf3 Nd4
30.Rxc4 Qxc4 31.Qf2 Qd5+ 32.Kh3 e5 33.Be3 a5 34.Qd2 Ra8 35.Ra3 Qe6+ 36.Kg2 Qd5+
37.Kh3 a4 38.Qd1 Qe6+ 39.Kg2 Qd5+ 40.Kh3 Qe6+ 41.Kg2 Qc6+ 42.Kg1 Qf3 43.Qxf3 Nxf3+
44.Kg2 Ne1+ 45.Kf2 Nc2 46.Ra2 Nxe3 47.Kxe3 a3  0-1

[Event "BL2-O9495"]
[Site "Germany"]
[Date "1995.??.??"]
[Round "?"]
[White "Laux, Tino"]
[Black "Staller, Peter"]
[Result "0-1"]
[WhiteElo "2350"]
[BlackElo "2390"]

1.d4 e6 2.c4 Nf6 3.Nf3 b6 4.g3 Ba6 5.b3 Bb4+ 6.Bd2 Be7 7.Bg2 Bb7 8.O-O O-O
9.Nc3 d5 10.cxd5 exd5 11.Ne5 Na6 12.Be3 c5 13.Rc1 cxd4 14.Bxd4 Nc5 15.Be3 Re8
16.Nb5 Bf8 17.Bf4 g5 18.Nxf7 Kxf7 19.Bxg5 Qd7 20.a4 a6 21.Nd4 Nfe4 22.Bf4 Rac8
23.e3 Nf6 24.g4 Qxg4 25.Qxg4 Nxg4 26.Bh3 Nd3 27.Rcd1 Nxf4 28.Bxg4 Ne6 29.Bh5+ Kf6
30.Bxe8 Rxe8 31.Rd3 Bc5 32.Nxe6 Kxe6 33.Rc1 Rg8+ 34.Kf1 a5 35.b4 axb4 36.Rb3 Ba6+
37.Ke1 Bc4  0-1

[Event "BL2-W9495"]
[Site "Germany"]
[Date "1995.??.??"]
[Round "?"]
[White "Molinaroli, Martin"]
[Black "Scholz, Christian"]
[Result "1/2-1/2"]
[WhiteElo "2280"]
[BlackElo "2230"]

1.d4 Nf6 2.Nf3 e6 3.c4 b6 4.g3 Ba6 5.Nbd2 Bb4 6.Qc2 O-O 7.Bg2 c6 8.O-O d5
9.b3 Nbd7 10.Bb2 Rc8 11.Rac1  1/2-1/2

[Event "NRW-Liga II 9495"]
[Site "Germany"]
[Date "1995.??.??"]
[Round "?"]
[White "Titzhoff, Frank"]
[Black "Auer, Martin"]
[Result "0-1"]
[WhiteElo "2155"]
[BlackElo "2315"]

1.d4 Nf6 2.c4 e6 3.Nf3 b6 4.g3 Ba6 5.Nbd2 Bb4 6.Qc2 c5 7.Bg2 Nc6 8.O-O cxd4
9.a3 Bxd2 10.Bxd2 Rc8 11.Qa4 Ne4 12.Bf4 O-O 13.Rfd1 Na5 14.Qc2 d5 15.Rxd4 Bxc4
16.Re1 Bb3 17.Qd3 Bc2 18.Qe3 Nc6 19.Rd3 Bxd3 20.exd3 Nd6 21.Bh3 Nf5 22.Bxf5 exf5
23.Nh4 Re8 24.Qd2 Rxe1+ 25.Qxe1 Qd7 26.Qd1 Re8 27.Qh5 g6 28.Qh6 Qe6 29.Nf3 f6
30.h4 d4 31.Kg2 Nd8 32.Bc1 Qd5 33.Qf4 Ne6 34.Qh6 Nc5 35.h5 g5 36.Bxg5 fxg5
37.Qxg5+ Kf7 38.Qh6 Nxd3 39.Qxh7+ Ke6 40.Qg6+ Kd7 41.Qg7+ Kc6 42.Qxd4 Ne1+  0-1

[Event "Vorarlberg-ch"]
[Site "Goetzis"]
[Date "1995.??.??"]
[Round "?"]
[White "Schmidlechner, Alexander"]
[Black "Kranz, Armin"]
[Result "0-1"]
[WhiteElo "1975"]
[BlackElo "2100"]

1.d4 Nf6 2.c4 e6 3.Nf3 b6 4.g3 Ba6 5.Nbd2 d5 6.b3 Bb4 7.Bb2 O-O 8.a3 Be7
9.Bg2 c5 10.cxd5 exd5 11.O-O Nc6 12.Re1 Rc8 13.dxc5 bxc5 14.Rc1 Qb6 15.e4 d4
16.e5 Ne8 17.Nc4 Bxc4 18.Rxc4 Nc7 19.Nd2 Rfd8 20.Bxc6 Qxc6 21.b4 Qb7 22.Qc2 Ne6
23.bxc5 Rxc5 24.Rxc5 Bxc5 25.Rb1 d3 26.Qb3 Bb6 27.a4 Ng5 28.h4 Nf3+ 29.Nxf3 Qxf3
30.Rf1 Qxg3+ 31.Kh1 Bxf2  0-1

[Event "Graz op"]
[Site "Graz"]
[Date "1995.??.??"]
[Round "5"]
[White "Stanec, Nikolaus"]
[Black "Eingorn, Vereslav S"]
[Result "0-1"]
[WhiteElo "2480"]
[BlackElo "2600"]

1.d4 Nf6 2.Nf3 e6 3.c4 b6 4.g3 Ba6 5.b3 d5 6.Nbd2 c5 7.Bg2 Be7 8.O-O O-O
9.Bb2 Nc6 10.dxc5 bxc5 11.Ne5 Nxe5 12.Bxe5 Rc8 13.e3 Nd7 14.Bb2 Bf6 15.Bxf6 Nxf6
16.Qc2 Qa5 17.Rfc1 Rfd8 18.Qc3 Qb6 19.Qb2 d4 20.exd4 Rxd4 21.Qc2 Bb7 22.Nf3 Bxf3
23.Bxf3 e5 24.Rd1 Rcd8 25.Rxd4 Rxd4 26.Rd1 g6 27.Rxd4 exd4 28.Qd2 Kg7 29.Qf4 h6
30.h4 h5 31.Qe5 a5 32.Kg2 Kf8 33.Kg1 Nd7 34.Qd5 Qc7 35.Kf1 Nf6 36.Qb7 Qxb7
37.Bxb7 Ke7 38.Ke2 Ng4 39.Bd5 Ne5 40.Kd2 Ng4 41.Ke2 Ne5 42.Kd2 f6 43.Be4 g5
44.f4 gxf4 45.gxf4 Ng4 46.Bg6 Ne3 47.Be4 Ke6 48.Ke2 Nf5 49.Bd5+ Kd6 50.Bf3 Nxh4
51.Bxh5 Ng2 52.Kf3 Ne3 53.a4 Ke6 54.Bg6 f5 55.Kf2 Ng4+ 56.Ke2 Nf6 57.Kd3 Ne4
58.Be8 Ke7 59.Bg6 Ng3 60.Kd2 Ke6 61.Ke1 Ne4 62.Ke2 Nf6 63.Kf2 Nd7 64.Bh5 Ke7
65.Bg6 Kf6 66.Bh5 Nf8 67.Kg3 Ne6 68.Be2 Kg6 69.Bf3 Ng7 70.Kh4 Kh6 71.Be2 Ne8
72.Kg3 Nd6 73.Bd3 Kg6 74.Be2 Ne4+ 75.Kh4 Kf6 76.Kh3 d3 77.Bh5 d2  0-1

[Event "Graz op"]
[Site "Graz"]
[Date "1995.??.??"]
[Round "9"]
[White "Lerner, Konstantin Z"]
[Black "Wells, Peter K"]
[Result "1-0"]
[WhiteElo "2605"]
[BlackElo "2545"]

1.d4 Nf6 2.c4 e6 3.Nf3 b6 4.g3 Ba6 5.b3 Bb4+ 6.Bd2 Be7 7.Nc3 O-O 8.Qc2 d5
9.cxd5 exd5 10.Bg2 c5 11.Rd1 Nc6 12.Be3 Ng4 13.Nxd5 Nxe3 14.Nxe3 Nxd4 15.Qe4 Rc8
16.Nxd4 cxd4 17.O-O Bf6 18.Rfe1 Re8 19.Qg4 Rc5 20.b4 Bc8 21.Qf3 Rc3 22.Qa8 Be6
23.Qxa7 Re7 24.Qa6 Rd7 25.Nf1 Bc4 26.Qa4 b5 27.Qa6 Qb8 28.Qc6 Re7 29.Rc1 Re6
30.Qc5 Rxc1 31.Rxc1 Rxe2 32.Bd5 Re5 33.Rxc4 bxc4 34.Qxc4 Re7 35.Nd2 Rc7 36.Qb3 Qb6
37.Kg2 g6 38.Nc4 Qb8 39.Nd6 Rc3 40.Bxf7+ Kg7 41.Qd5 Qd8 42.Be8 Qe7 43.Ba4 d3
44.Bb3 Qd8 45.Qf7+ Kh6 46.Ne8 Rxb3 47.Nxf6 Qa8+ 48.Kh3  1-0

[Event "Groningen op"]
[Site "Groningen"]
[Date "1995.??.??"]
[Round "?"]
[White "Kempinski, Robert"]
[Black "Soffer, Ram"]
[Result "1-0"]
[WhiteElo "2455"]
[BlackElo "2530"]

1.d4 Nf6 2.Nf3 e6 3.c4 b6 4.g3 Ba6 5.b3 Bb7 6.Bg2 Bb4+ 7.Bd2 c5 8.O-O O-O
9.Bc3 Na6 10.Bb2 cxd4 11.Qxd4 Be7 12.Nc3 Nc5 13.Rfd1 d6 14.Rac1 a6 15.b4 Nce4
16.Nxe4 Bxe4 17.Qe3 Bb7 18.Bd4 b5 19.c5 Bd5 20.Ne1 dxc5 21.Bxf6 Bxf6 22.Bxd5 exd5
23.Rxc5 d4 24.Qf3 Qe7 25.Nd3 Qe6 26.Rd2 Rac8 27.Rdc2 Be7 28.Rxc8 Rxc8 29.Rxc8+ Qxc8
30.Qd5 g6 31.Qxd4 Qc2 32.Qe4 Bf8 33.a3 Qb3 34.Ne5 Qxa3 35.Qd5 Qc1+ 36.Kg2 Qc7
37.Nc6 Qc8 38.e4 Qc7 39.e5 Kg7 40.g4 Qc8 41.h3 Qb7 42.f4 Qc8 43.Kf3 h5 44.Kg3 hxg4
45.hxg4 Kg8 46.Kh4 Qc7 47.f5 Qb6 48.Qf3 Qg1 49.fxg6 fxg6 50.Kg5 Qh2 51.Kf6 Qh7
52.Qd5+ Kh8 53.Qd8 Qg7+ 54.Ke6 Qg8+ 55.Kd7 Qf7+ 56.Kc8 Qe6+ 57.Kc7 Kg8 58.Qd7 Qc4
59.e6 Bxb4 60.Qf7+ Kh8 61.Qxg6 a5 62.Qf6+ Kg8 63.g5 Bd2 64.Qf7+ Kh8 65.Qf8+ Kh7
66.e7 Bf4+ 67.Kb7  1-0

[Event "Wch U16"]
[Site "Guarapuava"]
[Date "1995.??.??"]
[Round "7"]
[White "Cvek, Robert"]
[Black "Johannessen, Leif Erlend"]
[Result "1/2-1/2"]
[WhiteElo "2285"]
[BlackElo "2205"]

1.d4 e6 2.Nf3 Nf6 3.c4 b6 4.g3 Ba6 5.b3 Bb4+ 6.Bd2 Be7 7.Bg2 c6 8.O-O O-O
9.Bc3 d5 10.Nbd2 Nbd7 11.Re1 Bb7 12.Qc2 c5 13.dxc5 Nxc5 14.Rad1 Qc8 15.cxd5 Nxd5
16.Bd4 Nf6 17.Ng5 g6 18.Qb2 Nd5 19.Nge4 Nxe4 20.Nxe4 f6 21.f4 e5 22.fxe5 fxe5
23.Rc1 Qe6 24.Bf2 a5 25.a4 Nb4 26.Rc3 Bd5 27.Rec1 Rab8 28.Be3 Qg4 29.h3 Qe6
30.Kh2 Qf5 31.g4 Qe6 32.Rc7 Bb7 33.Bg5 Bxe4 34.Rxe7 Rf2 35.Rg1 Qd5 36.Rxe5 Rxe2
37.Rxd5 Rxb2 38.Rd2 Rxd2 39.Bxd2 Bxg2 40.Rxg2 Rc8 41.Be3 Rc6 42.Rd2 Kf7 43.Rd7+ Ke6
44.Rxh7 Rc2+ 45.Kg1 Nd5 46.Bg5 Rc3 47.Kg2 Rxb3 48.Rg7 Rb4 49.Rxg6+ Kf7 50.Rd6 Nc3
51.Bd8 Nxa4 52.Kg3 Nc3 53.Rxb6 Rxb6 54.Bxb6 a4 55.Kf3 Nb5 56.Bc5  1/2-1/2

[Event "Hafnarfjordur op"]
[Site "Hafnarfjordur"]
[Date "1995.??.??"]
[Round "6"]
[White "Bjarnason, Saevar"]
[Black "Thorfinnsson, Bragi"]
[Result "1-0"]
[WhiteElo "2310"]
[BlackElo "2185"]

1.d4 Nf6 2.c4 e6 3.Nf3 b6 4.g3 Ba6 5.Qa4 Be7 6.Bg2 Bb7 7.O-O O-O 8.Nc3 c5
9.dxc5 Bxc5 10.Bf4 d5 11.Ne5 Qe7 12.cxd5 exd5 13.Nd3 h6 14.Rfd1 Rd8 15.Rac1 a6
16.Nxc5 bxc5 17.Qb3 c4 18.Qb6 Rd7 19.e4 dxe4 20.Rxd7 Qxd7 21.Rd1 Qc6 22.Qd8+ Kh7
23.Bxb8 Qe6 24.Qc7 Bd5 25.Nxd5 Nxd5 26.Qe5  1-0

[Event "Hafnarfjordur op"]
[Site "Hafnarfjordur"]
[Date "1995.??.??"]
[Round "8"]
[White "Thorfinnsson, Bragi"]
[Black "Thorfinnsson, Bjorn"]
[Result "1/2-1/2"]
[WhiteElo "2185"]
[BlackElo "2060"]

1.d4 Nf6 2.c4 e6 3.Nf3 b6 4.g3 Ba6 5.b3 Bb4+ 6.Bd2 Be7 7.Bg2 c6 8.O-O d5
9.Ne5 O-O 10.Bc3 Qc7 11.Nd2 Nbd7 12.Nxd7 Qxd7 13.e4 dxe4 14.Nxe4 Nxe4 15.Bxe4 Bf6
16.Qf3 Rac8 17.Rfd1 Qc7 18.Rac1 Rfd8 19.Qe3 c5 20.d5 Bxc3 21.Qxc3 e5 22.Qf3 Qd6
23.Bb1 Rc7 24.Re1 Re7 25.Rc3  1/2-1/2

[Event "Wichern op"]
[Site "Hamburg"]
[Date "1995.??.??"]
[Round "7"]
[White "Kempinski, Robert"]
[Black "Meier, Volker"]
[Result "1-0"]
[WhiteElo "2455"]
[BlackElo "2320"]

1.d4 Nf6 2.Nf3 e6 3.c4 b6 4.g3 Ba6 5.b3 b5 6.Nbd2 bxc4 7.bxc4 c5 8.Bg2 Nc6
9.Ne5 Rc8 10.Nxc6 dxc6 11.Rb1 Qa5 12.O-O cxd4 13.Nb3 Qa4 14.Nxd4 Qxc4 15.Be3 Nd5
16.Rc1 Nc3 17.Qc2 Bb4 18.a3 Ba5 19.Bf3 Bb5 20.Nb3 Nxe2+ 21.Bxe2 Qxe2 22.Qxe2 Bxe2
23.Nxa5 Bxf1 24.Kxf1 Kd7 25.Nc4 c5 26.Ne5+ Ke7 27.Bxc5+ Kf6 28.Nc6 Rc7 29.Bd4+ Kg5
30.Be3+ Kf6 31.h4 Rb7 32.Bg5+ Kf5 33.Rc5+ Kg4 34.Kg2 Kh5 35.Ne5 f5 36.f3 Rb2+
37.Kh3 Rb3 38.Rc7 h6 39.Rxg7 hxg5 40.Nf7 g4+ 41.fxg4+ fxg4+ 42.Rxg4  1-0

[Event "Helsinki PC-SuperSto"]
[Site "Helsinki"]
[Date "1995.??.??"]
[Round "?"]
[White "Manninen, Marko"]
[Black "Nykopp, Jan Michael F"]
[Result "1/2-1/2"]
[WhiteElo "2365"]
[BlackElo "2250"]

1.d4 Nf6 2.c4 e6 3.Nf3 b6 4.g3 Ba6 5.Nbd2 Bb4 6.Qc2 Bb7 7.Bg2 O-O 8.O-O d5
9.Ne5 c5 10.Nb3 cxd4 11.Nxd4 Bd6 12.Nd3 Nc6 13.Nxc6 Bxc6 14.cxd5 Bxd5 15.Bxd5 Nxd5  1/2-1/2

[Event "Heraklio op"]
[Site "Heraklio"]
[Date "1995.??.??"]
[Round "4"]
[White "Grivas, Efstratios"]
[Black "Fish, Gannadij"]
[Result "1-0"]
[WhiteElo "2460"]
[BlackElo "2455"]

1.d4 Nf6 2.Nf3 e6 3.c4 b6 4.g3 Ba6 5.Qb3 c5 6.Bg2 Bb7 7.O-O cxd4 8.Nxd4 Bxg2
9.Kxg2 Nc6 10.Nxc6 dxc6 11.Qf3 Qc7 12.Nc3 Rd8 13.Bf4 Bd6 14.Bxd6 Rxd6 15.Rad1 Rxd1
16.Rxd1 Ke7 17.Ne4 Nxe4 18.Qxe4 h6 19.b3 Rd8 20.Rxd8 Qxd8 21.Qxc6 a5 22.a3 g5
23.b4 axb4 24.axb4 h5 25.c5 bxc5 26.Qxc5+ Kf6 27.Qc3+ Ke7 28.Qc5+ Kf6 29.b5 Qa8+
30.Qc6 Qa2 31.b6 g4 32.Qb5 Qa8+ 33.b7 Qb8 34.Qc6 Qe5 35.e3 Ke7 36.h4 Kf6
37.Qc4 Kg6 38.Qb4 Qb8 39.Kh2  1-0

[Event "EU-ch U20"]
[Site "Holon"]
[Date "1995.??.??"]
[Round "8"]
[White "Ovsejevitsch, Sergei"]
[Black "Murdzia, Piotr"]
[Result "1-0"]
[WhiteElo "2405"]
[BlackElo "2425"]

1.d4 Nf6 2.Nf3 e6 3.c4 b6 4.g3 Ba6 5.b3 Bb4+ 6.Bd2 Be7 7.Bg2 c6 8.Bc3 d5
9.Ne5 O-O 10.Nd2 Nfd7 11.Nxd7 Nxd7 12.O-O Rc8 13.e4 c5 14.exd5 exd5 15.dxc5 dxc4
16.c6 cxb3 17.Re1 Bb5 18.axb3 Bxc6 19.Bxc6 Rxc6 20.Rxa7 Bf6 21.Nc4 Bxc3 22.Rxd7 Qf6
23.Re4 Re6 24.Rf4 Qg6 25.Rdxf7 Qxf7 26.Rxf7 Rxf7 27.Qd8+ Rf8 28.Qd5 Re8 29.Nd6 Kf8
30.Nxe8 Rxe8 31.Qd6+ Kf7 32.Qc7+  1-0